System Heilpaedagogik : eine oekologisch reflexive Grundlegung

Αποθηκεύτηκε σε:
Λεπτομέρειες βιβλιογραφικής εγγραφής
Κύριος συγγραφέας: Speck, Otto
Μορφή: Βιβλίο
Γλώσσα:German
Δημοσίευση: Muenchen : Ernst Reinhardt Verlag, c1998
Έκδοση:4. aufl.
Θέματα:
Ετικέτες: Προσθήκη ετικέτας
Δεν υπάρχουν, Καταχωρήστε ετικέτα πρώτοι!

MARC

LEADER 00000nam a2200000 i 4500
001 1/102589
008 000225s1998 ger d
020 |a 3-497-01411-7 
035 |l 10058143 
040 |a GR-MY-UA  |b gre  |e aacr 
041 0 |a ger 
082 0 |a 371.9 
100 1 |a Speck, Otto. 
245 1 0 |a System Heilpaedagogik :  |b eine oekologisch reflexive Grundlegung /  |c Otto Speck 
250 |a 4. aufl. 
260 |a Muenchen :   |b Ernst Reinhardt Verlag,   |c c1998 
300 |a 580 p. 
504 |a Includes bibliography and index. 
650 0 0 |a Children with disabilities  |x Education. 
650 0 0 |a People with disabilities  |x Education. 
852 |a INST  |b RHODES  |e 20000225  |h 371.9 SPE  |p 005400014984  |q 005400014984  |t BK  |y 0 
901 |a BIBL4-2000-1 
909 |a Ρ  |b 065898 
922 |a 4ΕΛΗ  |b 199905  |c ΚΠΣ/154  |d LEADER BOOKS 
970 |z 2000/02/25